000 00306nam a22001337a 4500
008 170608b xxu||||| |||| 00| 0 eng d
020 _a9781603740388
041 _aeng
080 _a94(7/8)
100 _a18
101 _aSHH
245 _aAS AMERICA HAS DONE TO ISRAEL
_cMCTERNAN, J.P
942 _2udc
_cBK
999 _c16433
_d16433